Ιδεολογική κριτική και αισθητική
Αποθηκεύτηκε σε:
| Κύριος συγγραφέας: | |
|---|---|
| Μορφή: | Βιβλίο |
| Γλώσσα: | Greek |
| Δημοσίευση: |
[χ.τ.] :
Praxis,
1987
|
| Θέματα: | |
| Ετικέτες: |
Προσθήκη ετικέτας
Δεν υπάρχουν, Καταχωρήστε ετικέτα πρώτοι!
|
MARC
| LEADER | 00000nam a2200000 i 4500 | ||
|---|---|---|---|
| 001 | 1/86638 | ||
| 008 | 960913s1987 gre d | ||
| 035 | |a 1992 |b 2 |c Φιοραβάντες |l 10035026 | ||
| 035 | |a 1992 |b 2 |c Δωρεά | ||
| 040 | |a GR-MY-UA |b gre |e aacr | ||
| 041 | 0 | |a gre | |
| 082 | 0 | |a 701.18 | |
| 100 | 1 | |a Φιοραβάντες, Βασίλης |d 1952- | |
| 245 | 1 | 0 | |a Ιδεολογική κριτική και αισθητική / |c Βασίλης Φιοραβάντες |
| 260 | |a [χ.τ.] : |b Praxis, |c 1987 | ||
| 300 | |a 177 σ. | ||
| 650 | 0 | 0 | |a Philosophy, Μarxist. |
| 650 | 0 | 0 | |a Aesthetics. |
| 650 | 0 | 0 | |a Art criticism. |
| 852 | |a INST |b RHODES |e 19960913 |h 701.18 ΦΙΟ |p 005400008502 |q 005400008502 |t BK |y 0 | ||
| 852 | |a INST |b RHODES |e 19960913 |h 701.18 ΦΙΟ |p 005400008503 |q 005400008503 |t BK |y 0 | ||
| 852 | |a INST |b RHODES |e 19960913 |h 701.18 ΦΙΟ |p 005400008504 |q 005400008504 |t BK |y 0 | ||
| 852 | |a INST |b RHODES |e 19960913 |h 701.18 ΦΙΟ |p 005400008505 |q 005400008505 |t BK |y 0 | ||
| 852 | |a INST |b RHODES |e 19960913 |h 701.18 ΦΙΟ |p 005400008715 |q 005400008715 |t BK |y 0 | ||
| 852 | |a INST |b RHODES |e 19970313 |h 701.18 ΦΙΟ |p 005400008716 |q 005400008716 |t BK |y 0 | ||
| 852 | |a INST |b RHODES |e 19970313 |h 701.18 ΦΙΟ |p 005400010193 |q 005400010193 |t BK |y 0 | ||
| 852 | |a INST |b RHODES |e 19970313 |h 701.18 ΦΙΟ |p 005400010194 |q 005400010194 |t BK |y 0 | ||
| 852 | |a INST |b RHODES |e 19970313 |h 701.18 ΦΙΟ |p 005400010196 |q 005400010196 |t BK |y 0 | ||
| 852 | |a INST |b RHODES |e 19970313 |h 701.18 ΦΙΟ |p 005400016884 |q 005400016884 |t BK |y 0 | ||
| 909 | |a Ρ |b 022193 |c 1992 | ||
| 909 | |a Ρ |b 022194 |c 1992 | ||
| 909 | |a Ρ |b 022195 |c 1992 | ||
| 909 | |a Ρ |b 022196 |c 1992 | ||
| 909 | |a Ρ |b 022197 |c 1992 | ||
| 909 | |a Ρ |b 023897 |c 1992 | ||
| 909 | |a Ρ |b 023898 |c 1992 | ||
| 909 | |a Ρ |b 023899 |c 1992 | ||
| 909 | |a Ρ |b 023900 |c 1992 | ||
| 909 | |a Ρ |b 023901 |c 1992 | ||